000 00835nac a22002777a 4500
001 BR8904474
003 BR-BrBNA
005 20240105121007.0
008 230509b bl.|||m| |||| 00| 0 por d
040 _aBR-BrBNA
_bpor
_cBiblioteca Nacional de Agricultura
072 _aF70; F50
090 _a3371 BR8904474
100 1 _aPereira, E.
100 1 _aLeme, E.M.
110 1 _aHerbarium Bradeanum, Rio de Janeiro, RJ (Brasil)
_95525
245 1 _aSpecies novae in Brasilia Bromeliacearum - 24
260 3 _aRio de Janeiro, RJ (Brasil):
_c1984.
300 _a8 p.
490 _aBradea (Brazil)
_vv. 4(11)
_xISSN 0084-800X
500 _aSummaries (En, Pt)
650 _aBROMELIACEAE
650 _aTAXONOMIA VEGETAL
650 _aANATOMIA VEGETAL
909 _a202312
_bLúcia Elande
_c55
_dLúcia Elande
942 _2AGRIS
_n0
_cMS
999 _c282655
_d282655